Paroles - La fée - Zaz - Statistiques

Statistiques générales
  • Ce quiz a été pris 79 fois
  • Le résultat moyen est 151 sur 190
Statistiques - réponses
Réponse % Correct
fée
100%
à
98%
À
98%
la
98%
98%
La
98%
le
98%
aussi
96%
j'ai
96%
Moi
96%
moi
96%
un
96%
une
96%
chez
94%
Elle
94%
elle
94%
les
94%
de
91%
en
91%
Et
91%
Je
91%
je
91%
l'ai
89%
sa
89%
Mais
87%
mais
87%
ne
87%
Sur
87%
sur
87%
ailes
85%
est
83%
pas
83%
Que
83%
ses
83%
ça
81%
des
81%
mes
81%
plus
81%
toi
81%
toit
81%
trouvée
81%
voler
81%
bien
79%
était
79%
qu'elle
79%
regarde
79%
jamais
77%
peut
77%
sous
77%
Tout
77%
café
74%
Dans
74%
matin
74%
pourra
74%
Qui
74%
avait
72%
brûlée
72%
c'est
72%
sentait
72%
cachée
70%
fenêtre
70%
froid
70%
livre
70%
traîne
70%
avec
68%
d'hiver
68%
gouttières
68%
étagères
66%
l'air
66%
recouvert
66%
son
66%
C'était
64%
givre
64%
lit
64%
maison
64%
pensant
64%
ruisselantes
64%
savoir
64%
s'était
64%
télévision
64%
autre
62%
avant
62%
Avant
62%
dehors
62%
doit
62%
guerre
62%
ivre
62%
sais
62%
brûlante
60%
cru
60%
fait
60%
finissait
60%
heures
60%
lune
60%
reste
60%
essayé
57%
voudrait
57%
périodiques
55%
comptant
53%
D'autres
53%
ont
53%
bruit
51%
Ou
51%
entre
49%
prend
49%
repliée
49%
déjeuner
47%
Depuis
47%
l'embrasser
47%
doigts
45%
préfère
45%
déréglée
40%
grillées
40%
tenir
40%
lorsqu'elle
30%
Aucun quiz correspondant
Distribution des résultats
% des personnes avec chaque résultat
Percentile par nombre de réponses
Votre historique - résultats
Vous n’avez pas pris ce quiz